| 000 | 01133nam a2200229Ia 4500 | ||
|---|---|---|---|
| 003 | PE SENCICO BE | ||
| 005 | 20251020182431.0 | ||
| 008 | 200515s9999 xx 000 0 und d | ||
| 020 | _a950-15-1331-9 | ||
| 040 |
_aPE SENCICO BE _cPE SENCICO BE |
||
| 041 | _aspa | ||
| 082 |
_a658.4092 _bD42 |
||
| 100 | 1 |
_aDe Pree, Max _92595 _eautor |
|
| 245 | 1 | 0 |
_aEl auténtico liderazgo : _blos atributos esenciales de un gran líder / _cMax De Pree |
| 260 |
_aBuenos Aires : _bJavier Vergara ; _c1993 |
||
| 300 |
_a230 p. : _c23 cm. |
||
| 505 | 0 | _aEncontrando la propia voz -- Una llave llamada promesa -- ¿Que es frágil? -- La mezcla de Dios -- Aguadores -- Sogas o cuartos de baño -- Líderes de líderes -- Tómese cinco minutos -- ¿Que diría Bucky? -- ¿Donde se cruzan la ética y el liderazgo? -- Brinde el regalo del cambio -- ¡Delegue! -- Perfeccionando el talento -- Aficionados -- Los seguidores -- ¿Tienen futuro los líderes? -- Los atributos del liderazgo: una lista para verificar | |
| 650 | 1 | 0 |
_aLiderazgo _9931 |
| 650 | 2 | 0 |
_aAutorrealización (Psicología) _91496 |
| 650 | 2 | 0 |
_aEjecutivos _92596 |
| 942 |
_cLIB _2ddc |
||
| 999 |
_c261 _d261 |
||